• 首页
  • 本馆介绍
  • 公告通知
  • 最新文献
  • 馆藏检索
  • 电子资源
  • 读者导购
  • 参考咨询
  • 我的图书馆
  • 登录
  • 详细信息显示
  • 放入我的书架
  • 预约/预借图书
  • 作者相关作品
  • 分类相关作品
  • 丛书相关作品
  • 出版社相关作品

书目信息

  • 表格格式
  • 工作单格式
  • 卡片格式
题名:
如何选购和组装高保真立体声系统
    
 
作者: 卡默朗 , Cameron 著 ;沈〓 译
分册:  
出版信息: 北京   电子工业出版社  1985
页数: 106页
开本: 19cm
丛书名:
单 册:
中图分类: TN912.27 , TN912.2
科图分类:
主题词: 高保真度-立体声重放系统 , 立体声重放系统-高保真度 , 电声技术 , 语音数据处理
电子资源:
ISBN:
000 01093nam0 2200349 45
001 0185020371
005 20040517085813.2
010    @dCNY0.80
091    @a15290.193
100    @a19900921d1985 em y0chiy0121 ea
101 1  @achi@ceng
102    @aCN@b110000
105    @af z 000yy
106    @ar
200 10 @a如何选购和组装高保真立体声系统@Aru he xuan gou he zu zhuang gao bao zhen li ti sheng xi tong@f(美)卡默朗(Cameron,D.)著@g沈〓译
210    @a北京@c电子工业出版社@d1985
215    @a106页@c图@d19cm
300    @a书名原文: How to buy and install youHi-Fi stereo system.
300    @a根据1980年英文版译出
510 1  @aHow to buy and install your Hi-Fi stereo system@zeng
606    @a高保真度-立体声重放系统
606    @a立体声重放系统-高保真度
606 0  @a电声技术
606 0  @a语音数据处理
690    @aTN912.27@v3 
690    @aTN912.2
701  1 @a卡默朗@Aka mo lang@bD.@4著
701 A1 @aCameron@bD.@4著
702  0 @a沈〓@Ashen 〓@4译
801  0 @aCN@b深圳图书馆@c20040517
801  2 @aCN@bNLC@c20040517
905    @f2@b157292-293@dTN912.2@e21
    
    如何选购和组装高保真立体声系统/(美)卡默朗(Cameron,D.)著/沈〓译.-北京:电子工业出版社,1985
    106页:图;19cm
    书名原文: How to buy and install youHi-Fi stereo system.-根据1980年英文版译出
    
    ISBN :CNY0.80
    
●
相关链接 在E读中查询图书 在五车中查询图书 在当当中查询图书 在豆瓣中查询图书


正题名:如何选购和组装高保真立体声系统     索取号:TN912.2/21         预约/预借

序号 登录号 条形码 馆藏地/架位号 状态 备注
1 0157292   000701280   密集书库/ [索取号:TN912.2/21] 在馆    
2 0157293   001322900   第三借阅区/ [索取号:TN912.2/21] 在馆    
3 0157294   202102973   第二样本阅览室/ [索取号:TN912.2/21] 在馆    
唐山师范学院图书馆 欢迎您!
大连网信软件有限公司© 版权所有